000 00182 a2200097 4500
020 _a0758203209
041 _aeng
100 _aUpcher, Caroline
245 _aThe boathouse
942 _cBK
999 _c6504
_d6504